| 000 | 00449nam a2200193 a 4500 | ||
|---|---|---|---|
| 001 | 1758173194994 | ||
| 003 | ACL | ||
| 005 | 20250918105819.0 | ||
| 008 | 250918s2003##################000#0#eng## | ||
| 020 | _a9781565847637 | ||
| 082 | 0 | 4 |
_a791.43658 _bHOB |
| 100 | 1 |
_aHoberman, J., _eauthor. |
|
| 245 | 1 | 0 | _aThe Dream Life : |
| 260 | _c2003. | ||
| 300 | _a461 pages | ||
| 650 | 0 | _aPerforming Arts. | |
| 942 | _cENGLISH | ||
| 040 |
_aACL _beng _cACL |
||
| 999 |
_c587782 _d587782 |
||